1997: NFL Teams with the Most Points - Statistics

General Stats
  • This quiz has been taken 8 times
  • The average score is 9 of 10
Answer Stats
Number of points NFL Team % Correct
472 Denver Broncos
100%
422 Green Bay Packers
100%
375 Kansas City Chiefs
100%
392 New England Patriots
100%
375 San Francisco 49ers
100%
365 Seattle Seahawks
100%
355 Cincinnati Bengals
83%
379 Detroit Lions
83%
372 Pittsburgh Steelers
83%
394 Jacksonville Jaguars
50%
No matching quizzes found
Score Distribution
Percent of People with Each Score
Percentile by Number Answered
Your Score History
You have not taken this quiz